LEADER 02712oam 2200733 450 001 9910717303003321 005 20210913151027.0 035 $a(CKB)5450000000388552 035 $a(OCoLC)1126110328 035 $a(EXLCZ)995450000000388552 100 $a20190910d1973 ua 0 101 0 $aeng 135 $aurun||||||||| 181 $ctxt$2rdacontent 182 $cc$2rdamedia 183 $acr$2rdacarrier 200 00$aDeep well disposal of liquid wastes $esubsurface disposal of liquid wastes 205 $a[1973 edition]. 210 1$aPortland, Ore. :$cU.S. Department of the Interior, Bureau of Land Management, Portland Service Center,$d1973. 215 $a1 online resource (3 unnumbered pages) 225 1 $aTechnical note / Bureau of Land Management ;$v[78] 300 $a"Date issued: March 30, 1973"--Page 3. 300 $a"Filing code: 3000." 300 $a"Mailing list 1." 300 $aIncludes original published in June 1970. 330 $aSelected bibliography on deep well disposal and subsurface disposal of liquid wastes. Contains the 1971 supplement and the March 1973 supplement to the June 1970 Technical Note on the same subject (Technical Note no. 78). 517 $aDeep well disposal of liquid wastes 606 $aMineral industries$xWaste disposal$zUnited States$vBibliography 606 $aDeep-well disposal$vBibliography 606 $aWaste disposal in the ground$vBibliography 606 $aMines and mineral resources$zUnited States$vBibliography 606 $aDeep-well disposal$2fast 606 $aMineral industries$xWaste disposal$2fast 606 $aStrip mining$xEquipment and supplies$2fast 606 $aWaste disposal in the ground$2fast 607 $aUnited States$2fast 608 $aBibliographies.$2fast 608 $aRecords and correspondence.$2fast 608 $aBibliographies.$2lcgft 615 0$aMineral industries$xWaste disposal 615 0$aDeep-well disposal 615 0$aWaste disposal in the ground 615 0$aMines and mineral resources 615 7$aDeep-well disposal. 615 7$aMineral industries$xWaste disposal. 615 7$aStrip mining$xEquipment and supplies. 615 7$aWaste disposal in the ground. 712 02$aUnited States.$bBureau of Land Management.$bPortland Service Center, 801 0$bBHLMR 801 1$bBHLMR 801 2$bOCLCO 801 2$bINARC 801 2$bOCLCO 801 2$bOCLCA 801 2$bOCL 801 2$bOCLCO 801 2$bOCL 801 2$bOCLCO 801 2$bOCLCQ 801 2$bGPO 906 $aBOOK 912 $a9910717303003321 996 $aDeep well disposal of liquid wastes$93512355 997 $aUNINA LEADER 01864nas 2200469- 450 001 996581477303316 005 20211118213022.0 011 $a2642-7222 035 $a(OCoLC)899130979 035 $a(CKB)4100000010658601 035 $a(CONSER)--2019201156 035 $a(EXLCZ)994100000010658601 100 $a20150101a20149999 --- a 101 0 $aeng 135 $aurcnu|||||||| 181 $ctxt$2rdacontent 182 $cc$2rdamedia 183 $acr$2rdacarrier 200 10$a... International Symposium on Reconfigurable and Communication-Centric Systems-on-Chip (ReCoSoC) 210 1$aPiscataway, NJ :$cIEEE,$d[2014]- 517 1 $aReconfigurable and Communication-Centric Systems-on-Chip (ReCoSoC), ... International Symposium on 517 1 $aProceedings 517 1 $aProceedings of the ... International Symposium on Reconfigurable and Communication-Centric Systems-on-Chip 517 1 $aReCoSoC 531 0 $aInt. Symp. Reconfigurable Commun.-Centric Syst. Chip 606 $aComputer networks$xSecurity measures$vCongresses 606 $aCloud computing$xSecurity measures$vCongresses 606 $aComputer security$vCongresses 606 $aComputer networks$xSecurity measures$2fast$3(OCoLC)fst00872341 606 $aComputer security$2fast$3(OCoLC)fst00872484 608 $aConference papers and proceedings.$2fast 615 0$aComputer networks$xSecurity measures 615 0$aCloud computing$xSecurity measures 615 0$aComputer security 615 7$aComputer networks$xSecurity measures. 615 7$aComputer security. 676 $a004.16 712 02$aInstitute of Electrical and Electronics Engineers, 906 $aCONFERENCE 912 $a996581477303316 996 $a.. International Symposium on Reconfigurable and Communication-Centric Systems-on-Chip (ReCoSoC)$92964205 997 $aUNISA